| 000 | 01466nam a2200385 a 4500 | ||
|---|---|---|---|
| 999 |
_c57519 _d57519 |
||
| 001 | 1644999 | ||
| 005 | 20200701144446.0 | ||
| 008 | 961011s1995 gw a b 001 0 eng d | ||
| 010 | _a 96181184 | ||
| 020 | _a3885380102 | ||
| 035 | _a(NjP)notisCBZ5111 | ||
| 035 | _a(CStRLIN)NJPG95-B76476 | ||
| 040 |
_aNjP _cNjP _dDLC |
||
| 041 | _aeng | ||
| 042 | _alccopycat | ||
| 050 | 0 | 0 |
_aQA611.3 _b.E538 1995 |
| 080 | _a515.122 E-55 | ||
| 082 | 0 | 0 |
_a514/.3 _221 |
| 100 | 1 |
_aEngelking, Ryszard. _98964 |
|
| 245 | 1 | 0 |
_aTheory of dimensions, finite and infinite / _cRyszard Engelking. |
| 260 |
_aLemgo, Germany : _bHeldermann, _cc1995. |
||
| 300 |
_aviii, 401 p. : _bill. ; _c25 cm. |
||
| 490 | 1 |
_aSigma series in pure mathematics ; _vv. 10 |
|
| 500 | _a"A revised and completed ed. of ... Dimension theory published in 1978"--P. viii. | ||
| 504 | _aIncludes bibliographical references (p. [365]-392) and indexes. | ||
| 650 | 0 |
_aTopological spaces. _96898 |
|
| 650 | 0 |
_aDimension theory (Topology) _98965 |
|
| 653 | _aზომების თეორია, სასრული და უსასრულო | ||
| 653 | _aმათემატიკა | ||
| 700 | 1 |
_aEngelking, Ryszard. _tDimension theory. _98966 |
|
| 830 | 0 |
_aSigma series in pure mathematics ; _v10. _98967 |
|
| 906 |
_a7 _bcbc _ccopycat _d3 _encip _f19 _gy-gencatlg |
||
| 942 |
_2udc _cBK |
||
| 955 | _arc30 08-15-96; UB14 12-12-96 to Cat.; jd00 12-16-96; jd99 12-18-96; jd85 12-30-96 | ||